[Event "Lewisham International 3rd"]
[Site "London"]
[Date "1983.11.24"]
[Round "1.1"]
[White "Jackson, Sheila"]
[Black "Miles, Anthony John"]
[Result "1/2-1/2"]
[WhiteElo "2205"]
[BlackElo "2585"]
[Annotator "Miles, Anthony J"]
[PlyCount "123"]
[EventDate "1983.11.24"]
[EventType "swiss"]
[EventRounds "9"]
[EventCountry "ENG"]

1. e4 Nc6 2. d4 e5 3. dxe5 Nxe5 4. Nf3 Bb4+ $1 5. c3 Bd6 (5... Nxf3+ 6. Qxf3
Bc5 {is eminently playable but the text injects more tension.}) 6. Nxe5 Bxe5 7.
f4 {Overstretching a little.} Bd6 8. Be3 b6 $1 {I was rather proud of this
move.} 9. Bd3 ({Odd points are} 9. e5 Bc5 10. Bxc5 bxc5 11. Qd5 Rb8 {hitting b2
}) (9. Qd5 Rb8 10. Bc4 Qh4+ 11. g3 Qe7 {& ...Bb7}) 9... Qh4+ 10. g3 Qh3 11. Bf1
Qe6 12. Qd5 Qxd5 13. exd5 Nf6 {This position must be verging on won.} 14. Bg2
O-O 15. O-O Ba6 16. Rd1 Rae8 17. Bd4 Be2 {A stupid oversight. I simply
overlooked that White's next two moves were possible.} 18. Re1 Bc4 19. Nd2 Bxd5
20. Bxf6 Bxg2 21. Bxg7 Kxg7 22. Kxg2 {Now Black has nothing.} b5 23. Ne4 Be7
24. Rad1 f5 25. Nd2 Bf6 26. Nf3 Rxe1 27. Nxe1 d6 28. Nc2 Kg6 29. Rd5 a6 30. Nb4
Ra8 31. Nc6 Re8 32. Kf2 Re4 $2 33. a3 $1 ({Black was rather ridiculously
hoping for} 33. Nd4 $2 {leading to a lost king and pawn ending.}) 33... h5 $4
34. Nb4 $1 {Just winning a pawn.} Be7 35. Nxa6 c6 36. Rd3 Kf7 37. Nb4 c5 38.
Nd5 Bd8 39. Ne3 {(Sealed - White had just rejected a draw offer - and was off
to the Great Eastern to get help finishing off the England number one - editor
[presumably Richard W O'Brien - n.b. the time limit in this tournament varied
from round to round - this round was probably played at a rate of 36 moves in
2 hrs 15 mins - JS])} Ke6 40. Kf3 {Threatening Nxf5.} Ra4 {Forced.} 41. Rd5 Re4
42. Rd2 Ra4 43. h3 {With the vicious threat of 44 Nxf5 Kxf5 45 Rxd6.} Bf6 44.
Re2 Bd8 45. g4 $2 ({The first signs of hope. I hadn't bothered to analyse this,
dismissing it as giving me a sporting chance. A slow look at the position had
revealed that I'm in absolute zugzwang and consequently} 45. Re1 $1 {wins
outright. If} Bf6 ({If} 45... Bc7 46. Ng2+ Kf6 47. Re8 {& Nh4 with decisive
penetration}) ({If} 45... Ra6 {, Ra7 or Ra8} 46. Ng4+ Kf7 47. Nh6+ Kf6 48. Re8)
(45... Kf6 46. Nd5+ Kf7 {and only now} 47. g4 $1 {is annihilation}) 46. Nc4+)
45... fxg4+ 46. hxg4 hxg4+ 47. Nxg4+ Kd7 48. Re4 d5 {At least the minor piece
ending would offer counter chances against b2.} 49. Re5 Bc7 {At last diverging
from Bellin's analysis. However, it is only a bluff!!} 50. Nf6+ (50. Rxd5+ Ke6
51. Rxc5 Rxf4+ 52. Ke3 Bd6 53. Rg5 Rc4 {or ...Ra4} 54. Kd3 {just wins.}) 50...
Kc6 51. Rf5 $2 ({And this really throws it away.} 51. Re6+ Bd6 52. Kg3 $3 {
wins outright - no defence to Ne8.}) 51... d4 52. Ne4 Bb6 53. Rf6+ Kc7 54. Nd6
b4 $1 {Drawing.} 55. axb4 {(sealed)} (55. Nb5+ Kb7 56. c4 $18 {Stockfish 13 
(2021)}) 55... dxc3 56. bxc3 (56. bxc5 c2 {0-1}) 56... cxb4 57. cxb4 Rxb4 58.
Ne4 Bd4 59. Re6 Rb1 60. Ng5 Kd7 61. f5 Ba1 62. Ne4 {Source: bulletin} 1/2-1/2

[Event "Lewisham International 3rd"]
[Site "London"]
[Date "1983.11.24"]
[Round "1.2"]
[White "Stean, Michael F"]
[Black "Garcia, Leontxo"]
[Result "1-0"]
[WhiteElo "2500"]
[BlackElo "2300"]
[PlyCount "39"]
[EventDate "1983.11.24"]
[EventType "swiss"]
[EventRounds "9"]
[EventCountry "ENG"]

1. c4 g6 2. e4 Bg7 3. d4 d6 4. Nc3 Nc6 5. d5 Nd4 6. Be3 c5 7. Nge2 Qb6 8. Nxd4
cxd4 9. Na4 dxe3 10. Nxb6 exf2+ 11. Kxf2 axb6 12. Qc2 Nf6 13. Be2 O-O 14. Rhe1
Nd7 15. Kg1 Nc5 16. b4 Bxa1 17. Rxa1 Na6 18. Qc3 f6 19. a3 Bd7 20. Qd4 1-0

[Event "Lewisham International 3rd"]
[Site "London"]
[Date "1983.11.24"]
[Round "1.4"]
[White "Ilic, Zoran S"]
[Black "Wicker, Kevin J"]
[Result "1-0"]
[WhiteElo "2430"]
[BlackElo "2280"]
[PlyCount "55"]
[EventDate "1983.11.24"]
[EventType "swiss"]
[EventRounds "9"]
[EventCountry "ENG"]

1. d4 d6 2. Nf3 g6 3. c4 Bg7 4. g3 c6 5. Bg2 Nf6 6. O-O a6 7. b3 b5 8. Nbd2 O-O
9. Bb2 Nfd7 10. Qc2 Re8 11. Rfd1 Ra7 12. a3 Nf8 13. Rac1 e6 14. e3 f6 15. e4
Rf7 16. e5 fxe5 17. dxe5 d5 18. Ne4 Rd7 19. Nf6+ Bxf6 20. exf6 bxc4 21. Ne5
cxb3 22. Qxb3 Qc7 23. f7+ Rxf7 24. Nxf7 Kxf7 25. Qf3+ Kg8 26. Qf6 Re7 27. Be5
Qb7 28. Rb1 1-0

[Event "Lewisham International 3rd"]
[Site "London"]
[Date "1983.11.24"]
[Round "1.5"]
[White "Lane, Gary William"]
[Black "Dizdar, Goran"]
[Result "0-1"]
[WhiteElo "2270"]
[BlackElo "2450"]
[PlyCount "50"]
[EventDate "1983.11.24"]
[EventType "swiss"]
[EventRounds "9"]
[EventCountry "ENG"]

1. e4 e6 2. d4 d5 3. Nd2 a6 4. Ngf3 c5 5. exd5 exd5 6. Be2 Nc6 7. dxc5 Bxc5 8.
Nb3 Ba7 9. O-O Nf6 10. Nbd4 O-O 11. Re1 Re8 12. c3 Qd6 13. h3 Bd7 14. Be3 Rxe3
15. fxe3 Bxh3 16. Bf1 Bd7 17. Qc2 Re8 18. Rad1 Ng4 19. e4 Qg3 20. exd5 Nce5 21.
Rxe5 Rxe5 22. Bd3 Re3 23. Rf1 Rxf3 24. Rxf3 Bxd4+ 25. cxd4 Qh2+ {(won the
trophy for the best game of the tournament)} 0-1

[Event "Lewisham International 3rd"]
[Site "London"]
[Date "1983.11.24"]
[Round "1.6"]
[White "Forintos, Gyozo Victor"]
[Black "Pagden, Michael Ashley"]
[Result "1-0"]
[WhiteElo "2450"]
[BlackElo "2270"]
[PlyCount "73"]
[EventDate "1983.11.24"]
[EventType "swiss"]
[EventRounds "9"]
[EventCountry "ENG"]

1. c4 Nf6 2. Nc3 g6 3. d4 Bg7 4. e4 d6 5. f4 O-O 6. Bd3 e5 7. fxe5 dxe5 8. d5
c6 9. Nf3 b5 10. Bg5 bxc4 11. Bxc4 Qa5 12. Qd2 Bb7 13. Bb3 Nbd7 14. d6 Ba6 15.
Bxf6 Nxf6 16. O-O-O Rad8 17. Kb1 Qb4 18. Rhe1 Nd7 19. Na4 Qb5 20. g4 Nf6 21. g5
Nh5 22. Qf2 Nf4 23. Nc5 Qb6 24. Rd2 Bc8 25. Qg1 Bd7 26. Rc1 Bh3 27. Qg3 Qb4 28.
a3 Qb8 29. Ng1 Be6 30. Nxe6 Nxe6 31. Bxe6 fxe6 32. Rxc6 Rf1+ 33. Ka2 Bf8 34.
Qxe5 Rxg1 35. Qxe6+ Kh8 36. d7 Rf1 37. Rc8 {time} 1-0

[Event "Lewisham International 3rd"]
[Site "London"]
[Date "1983.11.24"]
[Round "1.7"]
[White "Singh, PK."]
[Black "Rogers, Ian"]
[Result "0-1"]
[WhiteElo "2200"]
[BlackElo "2450"]
[PlyCount "100"]
[EventDate "1983.11.24"]
[EventType "swiss"]
[EventRounds "9"]
[EventCountry "ENG"]

1. e4 d5 2. exd5 Qxd5 3. Nc3 Qa5 4. d4 Nf6 5. Nf3 Bg4 6. h3 Bh5 7. Bd2 c6 8.
Ne4 Qb6 9. Nxf6+ gxf6 10. Bc3 Nd7 11. Bd3 Bh6 12. Qe2 O-O-O 13. g4 Bg6 14. h4
Bf4 15. Bxg6 hxg6 16. Qe4 e5 17. dxe5 fxe5 18. Qb4 Qxb4 19. Bxb4 e4 20. Bd2
exf3 21. Bxf4 Nf6 22. Rh3 Rde8+ 23. Be3 Nxg4 24. Rxf3 Rxh4 25. Kd2 Ne5 26. Rf4
Rxf4 27. Bxf4 g5 28. Bxe5 Rxe5 29. Rh1 Kd7 30. Rh8 Ke6 31. Rb8 Rd5+ 32. Ke3 Rd7
33. a4 Kf5 34. Kf3 a6 35. a5 f6 36. b4 Rh7 37. c4 Rd7 38. Kg2 Kf4 39. Rf8 f5
40. Rg8 g4 41. Rg6 Rd4 42. Rg7 Rd2 43. b5 cxb5 44. cxb5 axb5 45. Rxb7 g3 46.
Rxb5 Rxf2+ 47. Kg1 Ra2 48. Rb4+ Kf3 49. Rb3+ Kg4 50. Rb4+ f4 {Source: Ian
Rogers, contributed 14 October 2021} 0-1

[Event "Lewisham International 3rd"]
[Site "London"]
[Date "1983.11.24"]
[Round "1.8"]
[White "Pytel, Krzysztof"]
[Black "Nicholson, John G"]
[Result "1/2-1/2"]
[WhiteElo "2435"]
[BlackElo "2260"]
[PlyCount "82"]
[EventDate "1983.11.24"]
[EventType "swiss"]
[EventRounds "9"]
[EventCountry "ENG"]

1. d4 Nf6 2. c4 c5 3. d5 b5 4. Bg5 g6 5. d6 Bg7 6. Nc3 bxc4 7. e4 Nc6 8. Bxc4
Rb8 9. Nf3 h6 10. dxe7 Qxe7 11. Bf4 Rxb2 12. O-O O-O 13. Bd6 Qd8 14. e5 Ng4 15.
Qd5 Bb7 16. Qxc5 Ncxe5 17. Nxe5 Nxe5 18. Bxf8 Qg5 19. Bd5 Bxf8 20. Qe3 Qxe3 21.
fxe3 Bc5 22. Bxb7 Bxe3+ 23. Kh1 Rxb7 24. Nd5 Bc5 25. Rab1 Rxb1 26. Rxb1 Kg7 27.
Rb5 d6 28. Nc3 f5 29. Na4 Be3 30. Rd5 Ng4 31. g3 Nf2+ 32. Kg2 Ne4 33. Rd3 Bd2
34. Kf3 Bb4 35. Rd5 Kf6 36. Rb5 Be1 37. g4 Bf2 38. gxf5 gxf5 39. Kf4 Nc5 40.
Nc3 Ne6+ 41. Kf3 Bc5 1/2-1/2

[Event "Lewisham International 3rd"]
[Site "London"]
[Date "1983.11.24"]
[Round "1.10"]
[White "Fancy, Stuart"]
[Black "Gallagher, Joseph G"]
[Result "0-1"]
[WhiteElo "2205"]
[BlackElo "2250"]
[PlyCount "56"]
[EventDate "1983.11.24"]
[EventType "swiss"]
[EventRounds "9"]
[EventCountry "ENG"]

1. e4 c5 2. Nf3 d6 3. Bb5+ Bd7 4. Bxd7+ Qxd7 5. c4 e5 6. b4 cxb4 7. a3 bxa3 8.
Bxa3 Nc6 9. d4 Nf6 10. Nc3 Be7 11. dxe5 dxe5 12. Qxd7+ Nxd7 13. Nd5 Bxa3 14.
Nc7+ Kd8 15. Nxa8 Bd6 16. O-O Ke7 17. Rfb1 Nc5 18. Nb6 axb6 19. Rxb6 f6 20. Nd2
Kd7 21. Nf1 Kc7 22. Rab1 Ra8 23. Ne3 Ne7 24. R6b2 Ra7 25. f3 Na4 26. Rd2 Bc5
27. Rd3 Bd4 28. Rf1 Nc5 0-1

[Event "Lewisham International 3rd"]
[Site "London"]
[Date "1983.11.24"]
[Round "1.11"]
[White "Rupf, Immo"]
[Black "Plaskett, H James"]
[Result "0-1"]
[WhiteElo "2215"]
[BlackElo "2425"]
[PlyCount "142"]
[EventDate "1983.11.24"]
[EventType "swiss"]
[EventRounds "9"]
[EventCountry "ENG"]

1. Nf3 Nf6 2. g3 d5 3. Bg2 c6 4. O-O Bf5 5. d3 e6 6. Nbd2 Be7 7. Re1 h6 8. e4
Bh7 9. Qe2 O-O 10. b3 a5 11. a3 c5 12. a4 Nc6 13. Bb2 c4 14. bxc4 dxe4 15. dxe4
Qc7 16. Nd4 Nxd4 17. Bxd4 Rfd8 18. Be3 Rac8 19. Rab1 Bb4 20. Rb3 b6 21. c3 Bc5
22. Rb5 Nd7 23. Reb1 Bxe3 24. Qxe3 Nc5 25. Rxb6 Rd3 26. Qe2 Rcd8 27. Nf1 Nxa4
28. Rb7 Qxc4 29. Qh5 Bg6 30. Qxa5 Nxc3 31. Rb8 Rxb8 32. Rxb8+ Kh7 33. Qb4 Qc6
34. Rb6 Qa8 35. h4 Bxe4 36. Rb8 Qd5 37. Bxe4+ Qxe4 38. Qxe4+ Nxe4 39. Rb4 f5
40. Kg2 Ra3 41. Rb2 Kg6 42. Nd2 Nd6 43. Nf3 Kf6 44. Re2 Ra5 45. Rc2 Rd5 46. Ra2
Ne4 47. Re2 e5 48. Ra2 g6 49. Ra6+ Nd6 50. Ne1 Ke7 51. Ra7+ Ke6 52. Ra6 Rd2 53.
Kf1 Rd5 54. Ke2 Kf7 55. Ra7+ Ke6 56. Ra6 f4 57. gxf4 exf4 58. Kf3 Kf5 59. Ra4
g5 60. hxg5 hxg5 61. Ra8 Ne4 62. Rf8+ Nf6 63. Ke2 g4 64. Nd3 Rd6 65. Ne1 $2 f3+
66. Kf1 Rd1 67. Rf7 Ke6 68. Rg7 Ne4 69. Rxg4 Nd2+ 70. Kg1 Rxe1+ 71. Kh2 Rf1 0-1

[Event "Lewisham International 3rd"]
[Site "London"]
[Date "1983.11.24"]
[Round "1.12"]
[White "Flesch, Janos"]
[Black "Smart, Leslie J"]
[Result "1/2-1/2"]
[WhiteElo "2400"]
[BlackElo "2220"]
[PlyCount "36"]
[EventDate "1983.11.24"]
[EventType "swiss"]
[EventRounds "9"]
[EventCountry "ENG"]

1. Nf3 c5 2. b3 d6 3. c4 e5 4. d3 Nc6 5. g3 g6 6. Bb2 Bg7 7. Bg2 f5 8. O-O Nge7
9. Nc3 O-O 10. Ne1 Rb8 11. Nc2 a6 12. Nd5 Be6 13. e3 Bxd5 14. cxd5 Na7 15. f4
exf4 16. Bxg7 Kxg7 17. gxf4 Nb5 18. Qd2 Ng8 1/2-1/2

[Event "Lewisham International 3rd"]
[Site "London"]
[Date "1983.11.24"]
[Round "1.26"]
[White "Branford, John W"]
[Black "Farrand, Tom"]
[Result "1-0"]
[WhiteElo "2205"]
[BlackElo "2205"]
[PlyCount "49"]
[EventDate "1983.11.24"]
[EventType "swiss"]
[EventRounds "9"]
[EventCountry "ENG"]

1. e4 c5 2. Nf3 e6 3. d4 cxd4 4. Nxd4 Nf6 5. Bd3 Nc6 6. Nxc6 dxc6 7. O-O e5 8.
Nd2 Qc7 9. a4 Bg4 10. Qe1 O-O-O 11. Nc4 Be6 12. Qe2 Bg4 13. Qe3 b6 14. Qg3 Re8
15. f4 Bc5+ 16. Kh1 h5 17. fxe5 Ng8 18. Be3 Bf8 19. Nd6+ Bxd6 20. Ba6+ Kb8 21.
exd6 Qd7 22. Rxf7 Qxf7 23. d7+ Ka8 24. Qc7 Qxd7 25. Bb7# 1-0

[Event "Lewisham International 3rd"]
[Site "London"]
[Date "1983.11.25"]
[Round "2.1"]
[White "Plaskett, H James"]
[Black "Zak, Uri"]
[Result "1-0"]
[WhiteElo "2425"]
[BlackElo "2310"]
[PlyCount "79"]
[EventDate "1983.11.24"]
[EventType "swiss"]
[EventRounds "9"]
[EventCountry "ENG"]

1. d4 Nf6 2. c4 e6 3. Nf3 b6 4. a3 Bb7 5. Nc3 d5 6. cxd5 Nxd5 7. Qc2 c5 8. dxc5
Bxc5 9. Bg5 Be7 10. Nxd5 exd5 11. Bxe7 Qxe7 12. e3 O-O 13. Bd3 h6 14. O-O Nc6
15. Rfd1 Rac8 16. Qa4 Qf6 17. Rd2 a6 18. Rad1 b5 19. Qg4 Ne5 20. Nxe5 Qxe5 21.
Qf5 Qxf5 22. Bxf5 Rc5 23. Bg4 g6 24. Kf1 Kg7 25. Bf3 Rfc8 26. Ke2 Rc2 27. Rxc2
Rxc2+ 28. Rd2 Rc5 29. Kd3 Kf6 30. Rc2 Rxc2 31. Kxc2 Ke5 32. Kc3 a5 33. b4 a4
34. Be2 Bc6 35. f4+ Ke6 36. Kd4 Kd6 37. Bd3 Bd7 38. h4 f5 39. h5 gxh5 40. g3
1-0

[Event "Lewisham International 3rd"]
[Site "London"]
[Date "1983.11.25"]
[Round "2.2"]
[White "Westerinen, Heikki MJ"]
[Black "Conquest, Stuart"]
[Result "1-0"]
[WhiteElo "2385"]
[BlackElo "2255"]
[PlyCount "59"]
[EventDate "1983.11.24"]
[EventType "swiss"]
[EventRounds "9"]
[EventCountry "ENG"]

1. e4 c5 2. c3 Nf6 3. e5 Nd5 4. d4 cxd4 5. Nf3 d6 6. Qxd4 e6 7. Nbd2 a6 8. Qe4
Nc6 9. Nc4 Nxc3 10. bxc3 d5 11. Qf4 dxc4 12. Bxc4 Be7 13. Qg3 Qa5 14. Bd2 g5
15. O-O Rg8 16. Rfe1 Bd7 17. Rad1 g4 18. Nd4 h5 19. Bf4 h4 20. Qe3 Bc5 21. Qd3
Bxd4 22. cxd4 Ne7 23. Bd2 Qa4 24. Rb1 h3 25. Rb6 Nc8 26. Bb3 Nxb6 27. Bxa4 Bxa4
28. Rb1 Bb5 29. Qh7 Rg6 30. a4 1-0

[Event "Lewisham International 3rd"]
[Site "London"]
[Date "1983.11.25"]
[Round "2.3"]
[White "Rigo, Janos"]
[Black "Stean, Michael F"]
[Result "0-1"]
[WhiteElo "2340"]
[BlackElo "2500"]
[PlyCount "30"]
[EventDate "1983.11.24"]
[EventType "swiss"]
[EventRounds "9"]
[EventCountry "ENG"]

1. e4 c6 2. d4 d5 3. Nc3 dxe4 4. Nxe4 Bf5 5. Ng3 Bg6 6. h4 h6 7. N1e2 Nf6 8.
Nf4 Bh7 9. Bc4 e6 10. Qe2 Bd6 11. Bxe6 $2 O-O 12. O-O Bxf4 13. Bxf4 fxe6 14.
Qxe6+ Kh8 15. Be5 Nbd7 0-1

[Event "Lewisham International 3rd"]
[Site "London"]
[Date "1983.11.25"]
[Round "2.4"]
[White "Crouch, Colin S"]
[Black "Forintos, Gyozo Victor"]
[Result "1-0"]
[WhiteElo "2300"]
[BlackElo "2450"]
[PlyCount "55"]
[EventDate "1983.11.24"]
[EventType "swiss"]
[EventRounds "9"]
[EventCountry "ENG"]

1. d4 Nf6 2. c4 e6 3. Nf3 c5 4. d5 exd5 5. cxd5 g6 6. Nc3 Bg7 7. Bf4 Nh5 8. Be5
f6 $4 9. Bxb8 Rxb8 10. g4 Nf4 11. e3 f5 12. exf4 fxg4 13. Qe2+ Qe7 14. Ng5 h6
15. Qxe7+ Kxe7 16. d6+ Kf8 17. Nge4 b5 18. Nxc5 b4 19. N3a4 h5 20. Rd1 Bh6 21.
Rd4 Kg7 22. Re4 Rf8 23. Re7+ Kf6 24. Bd3 Bxf4 25. Ne4+ Kf5 26. Nac5 Be5 27.
Ng3+ Kf4 28. Ne2+ 1-0

[Event "Lewisham International 3rd"]
[Site "London"]
[Date "1983.11.25"]
[Round "2.5"]
[White "Rogers, Ian"]
[Black "Franke, Heribert"]
[Result "1-0"]
[WhiteElo "2450"]
[BlackElo "2300"]
[PlyCount "35"]
[EventDate "1983.11.24"]
[EventType "swiss"]
[EventRounds "9"]
[EventCountry "ENG"]

1. d4 d5 2. Nf3 Nf6 3. g3 Bg4 4. Bg2 Nbd7 5. O-O e6 6. Nbd2 Bd6 7. Qe1 O-O 8.
e4 e5 9. h3 Bh5 10. g4 Bg6 11. dxe5 Nxe5 12. Nxe5 Bxe5 13. Nf3 Bd6 14. e5 Re8
15. Qd1 Bxe5 16. Nxe5 Rxe5 17. f4 Re4 18. f5 1-0

[Event "Lewisham International 3rd"]
[Site "London"]
[Date "1983.11.25"]
[Round "2.6"]
[White "Hebden, Mark L"]
[Black "Condie, Mark L"]
[Result "0-1"]
[WhiteElo "2495"]
[BlackElo "2340"]
[PlyCount "84"]
[EventDate "1983.11.24"]
[EventType "swiss"]
[EventRounds "9"]
[EventCountry "ENG"]

1. e4 e5 2. f4 exf4 3. Nf3 Be7 4. Bc4 Nf6 5. e5 Ng4 6. Nc3 d6 7. exd6 Qxd6 8.
d4 O-O 9. O-O Nc6 10. Nb5 Qh6 11. Nxc7 Rb8 12. Nd5 Bd6 13. h3 Nf6 14. Nxf6+
Qxf6 15. c3 Ne7 16. Ne5 Ng6 17. Nxg6 hxg6 18. Qf3 g5 19. Bd2 Qg6 20. Bd3 Bf5
21. Bxf5 Qxf5 22. Rae1 Rfe8 23. Rxe8+ Rxe8 24. Qxb7 Rb8 25. Qc6 Rxb2 26. Bc1
Rb6 27. Qe8+ Kh7 28. Qe2 Bc7 29. c4 Re6 30. Qf3 Qc2 31. c5 Re4 32. Qd1 Qc3 33.
Qh5+ Kg8 34. Qxg5 Qxd4+ 35. Kh1 Qd3 36. Rg1 f3 37. Qd2 fxg2+ 38. Qxg2 g6 39.
Bb2 Re2 40. Qa8+ Bd8 41. Rg3 Re1+ 42. Kh2 Qd2+ 0-1

[Event "Lewisham International 3rd"]
[Site "London"]
[Date "1983.11.25"]
[Round "2.12"]
[White "Miles, Anthony John"]
[Black "Fancy, Stuart"]
[Result "1-0"]
[WhiteElo "2585"]
[BlackElo "2205"]
[PlyCount "54"]
[EventDate "1983.11.24"]
[EventType "swiss"]
[EventRounds "9"]
[EventCountry "ENG"]

1. d4 d5 2. c4 e5 3. dxe5 d4 4. Nf3 Nc6 5. Nbd2 Bg4 6. g3 Bc5 7. Bg2 Nge7 8.
O-O a5 9. Nb3 Ba7 10. Bf4 O-O 11. Nc1 Ng6 12. Nd3 Re8 13. b3 Nxf4 14. gxf4 Qd7
15. Kh1 Re6 16. Ng5 Rh6 17. Bd5 Nd8 18. Rg1 c6 19. Be4 f6 20. exf6 gxf6 21. Bf3
Bxf3+ 22. Nxf3+ Kf8 23. Rg3 Rg6 24. Qd2 a4 25. Rag1 axb3 26. axb3 Bb8 27. Qb4+
Qd6 1-0

[Event "Lewisham International 3rd"]
[Site "London"]
[Date "1983.11.25"]
[Round "2.13"]
[White "Jackson, Sheila"]
[Black "Hartoch, Robert G"]
[Result "0-1"]
[WhiteElo "2205"]
[BlackElo "2355"]
[PlyCount "100"]
[EventDate "1983.11.24"]
[EventType "swiss"]
[EventRounds "9"]
[EventCountry "ENG"]

1. e4 e5 2. Nf3 Nf6 3. Nxe5 d6 4. Nf3 Nxe4 5. d4 d5 6. Bd3 Be7 7. O-O Nc6 8.
Re1 Bg4 9. Bxe4 dxe4 10. Rxe4 Bxf3 11. Qxf3 Nxd4 12. Qd3 Ne6 13. Qe2 O-O 14.
Nd2 Nd4 15. Qd3 Bf6 16. c3 Ne6 17. Qf1 Nc5 18. Re2 Qd5 19. Nf3 Rfd8 20. Be3 Ne6
21. Rd2 Qa5 22. Qc4 Rxd2 23. Nxd2 Rd8 24. Ne4 Be7 25. a4 a6 26. Re1 Qd5 27.
Qxd5 Rxd5 28. c4 Rd3 29. Nc3 Bb4 30. Rd1 Rxd1+ 31. Nxd1 Kf8 32. Kf1 Ke7 33. Ke2
Kd6 34. Kd3 Nc5+ 35. Bxc5+ Bxc5 36. Nc3 Ke5 37. Nd1 f5 38. g3 f4 39. h3 c6 40.
b3 a5 41. gxf4+ Kxf4 42. Ke2 Bd4 43. c5 g5 44. f3 Kg3 45. Kd3 Bxc5 46. Ke4 Kxh3
47. Nc3 h5 48. Kf5 g4 49. fxg4 hxg4 50. Ne4 g3 0-1

[Event "Lewisham International 3rd"]
[Site "London"]
[Date "1983.11.25"]
[Round "2.14"]
[White "Nicholson, John G"]
[Black "Casa, Alex"]
[Result "1/2-1/2"]
[WhiteElo "2260"]
[BlackElo "2200"]
[PlyCount "71"]
[EventDate "1983.11.24"]
[EventType "swiss"]
[EventRounds "9"]
[EventCountry "ENG"]

1. e4 e5 2. Nf3 Nc6 3. Bc4 Nf6 4. d3 Bc5 5. O-O d6 6. c3 Bb6 7. a4 a5 8. h3 Ne7
9. Re1 Ng6 10. d4 Qe7 11. Nbd2 O-O 12. Bf1 c6 13. b3 Rd8 14. Nc4 Bc7 15. Qc2
Nh5 16. g3 h6 17. Ne3 Qf6 18. Nh2 Ne7 19. Nhg4 Qg6 20. dxe5 dxe5 21. Ba3 Re8
22. Bd3 Kh8 23. Nf5 Ng8 24. Bc4 Nhf6 25. Nh4 Qh5 26. Nxf6 gxf6 27. Kh2 Be6 28.
Bxe6 fxe6 29. Qd1 Qxd1 30. Raxd1 Rad8 31. Kg2 Kg7 32. Kf3 h5 33. Ng2 Nh6 34.
Ne3 Nf7 35. h4 b5 36. Rxd8 {Source: John Nicholson, 28 January 2022} 1/2-1/2

[Event "Lewisham International 3rd"]
[Site "London"]
[Date "1983.11.25"]
[Round "2.17"]
[White "Wicker, Kevin J"]
[Black "Crawley, Gavin"]
[Result "0-1"]
[WhiteElo "2280"]
[BlackElo "2070"]
[PlyCount "95"]
[EventDate "1983.11.24"]
[EventType "swiss"]
[EventRounds "9"]
[EventCountry "ENG"]

1. c4 Nf6 2. Nc3 g6 3. g3 Bg7 4. Bg2 O-O 5. e3 c6 6. Nge2 d5 7. b3 Bf5 8. d4
Na6 9. f3 dxc4 10. bxc4 Be6 11. Qa4 Nd7 12. c5 Ndxc5 13. dxc5 Nxc5 14. Qc2 Bc4
15. O-O Bd3 16. Qd1 Bxe2 17. Nxe2 Bxa1 18. Qxd8 Rfxd8 19. Ba3 Bf6 20. Bxc5 Rd2
21. Nc1 Rc2 22. Ba3 Rd8 23. f4 Rc3 24. Nb3 Rxe3 25. Kf2 Rc3 26. Rc1 Kf8 27. Ke2
Rdd3 28. Rxc3 Rxc3 29. Be4 b6 30. Bc1 c5 31. Be3 Rc4 32. Nd2 Rb4 33. Bd5 Bd4
34. a3 Ra4 35. Bb3 Rxa3 36. Bxd4 cxd4 37. Kd3 e6 38. Kxd4 Ke7 39. Kc3 Ra1 40.
Bc4 Rh1 41. Nf1 Kd6 42. Kd4 a5 43. Bd3 h6 44. Ke3 Kc5 45. Kf2 a4 46. Kg2 Rxf1
47. Kxf1 a3 48. Bb1 0-1

[Event "Lewisham International 3rd"]
[Site "London"]
[Date "1983.11.26"]
[Round "3.1"]
[White "Stean, Michael F"]
[Black "Rogers, Ian"]
[Result "1/2-1/2"]
[WhiteElo "2500"]
[BlackElo "2450"]
[PlyCount "60"]
[EventDate "1983.11.24"]
[EventType "swiss"]
[EventRounds "9"]
[EventCountry "ENG"]

1. c4 Nf6 2. Nc3 d5 3. cxd5 Nxd5 4. Nf3 Nxc3 5. bxc3 g6 6. g3 Bg7 7. Bg2 O-O 8.
O-O Bd7 9. d4 Bc6 10. Qc2 Qd5 11. Ba3 Re8 12. Rfe1 Qa5 13. Bb2 Qa4 14. Qb3 Nd7
15. e4 Nb6 16. Bf1 Qa5 17. c4 Ba4 18. Qa3 c5 19. d5 Qb4 20. Qxb4 cxb4 21. Bxg7
Kxg7 22. Rab1 a5 23. a3 Rec8 24. axb4 Nxc4 25. Bxc4 Rxc4 26. bxa5 Bc2 27. Rxb7
Bxe4 28. Nd2 Bxd5 29. Nxc4 Bxb7 30. Rxe7 Bd5 1/2-1/2

[Event "Lewisham International 3rd"]
[Site "London"]
[Date "1983.11.26"]
[Round "3.2"]
[White "Ilic, Zoran S"]
[Black "Westerinen, Heikki MJ"]
[Result "1/2-1/2"]
[WhiteElo "2430"]
[BlackElo "2385"]
[PlyCount "82"]
[EventDate "1983.11.24"]
[EventType "swiss"]
[EventRounds "9"]
[EventCountry "ENG"]

1. d4 d5 2. c4 e6 3. Nf3 Nf6 4. Nc3 c5 5. cxd5 Nxd5 6. e4 Nxc3 7. bxc3 cxd4 8.
cxd4 Bb4+ 9. Bd2 Bxd2+ 10. Qxd2 O-O 11. Bc4 b6 12. O-O Bb7 13. Rfe1 Nc6 14.
Rad1 Qf6 15. d5 Na5 16. Bd3 Rad8 17. e5 Qh6 18. Qxh6 gxh6 19. d6 Bd5 20. Bb1 f6
21. Nd4 fxe5 22. Rxe5 Rf6 23. Nf5 Nc4 24. Ne7+ Kf7 25. Nxd5 Nxe5 26. Nxf6 Kxf6
27. Bxh7 Nc4 28. d7 Ke7 29. f4 Nd6 30. g4 Rxd7 31. h4 Rc7 32. Kf2 Rc3 33. Re1
Kf7 34. Rd1 Ke7 35. Re1 Kf7 36. Re3 Nb5 37. h5 Rxe3 38. Kxe3 Nc3 39. g5 Nxa2
40. Ke4 Nb4 41. Bg6+ Kg7 1/2-1/2

[Event "Lewisham International 3rd"]
[Site "London"]
[Date "1983.11.26"]
[Round "3.3"]
[White "Branford, John W"]
[Black "Plaskett, H James"]
[Result "1/2-1/2"]
[WhiteElo "2205"]
[BlackElo "2425"]
[PlyCount "72"]
[EventDate "1983.11.24"]
[EventType "swiss"]
[EventRounds "9"]
[EventCountry "ENG"]

1. e4 c5 2. Nf3 d6 3. d4 Nf6 4. Nc3 cxd4 5. Nxd4 a6 6. Be2 e6 7. f4 Qc7 8. O-O
Be7 9. Bf3 O-O 10. Qe1 Nbd7 11. Kh1 Re8 12. Qg3 Rb8 13. Re1 Nb6 14. e5 Nfd7 15.
exd6 Qxd6 16. Be3 Nc4 17. Rad1 Nxe3 18. Rxe3 Qb6 19. Nf5 exf5 20. Nd5 Qd8 21.
Rde1 Ne5 22. Rxe5 Be6 23. Nxe7+ Rxe7 24. Bd5 Bxd5 25. Rxe7 Be4 26. R7xe4 fxe4
27. Rxe4 Qd5 28. f5 Rd8 29. f6 Qg5 30. Qe1 gxf6 31. h3 h5 32. Kh2 Rd2 33. Re2
Rxe2 34. Qxe2 Kg7 35. Qf3 Qe5+ 36. Qg3+ Kh6 1/2-1/2